000 01219nam a2200217 a 4500
003 AM-YeHGA
040 _aAM-YeHGA
090 _c433963
005 20250617155354.0
008 180416s1957 ru |||||r|||||000|0|rus||
041 0 _arus
245 0 0 _aУстановление и упрочение Советской власти в Смоленской губернии [в 1917-1918 гг.] :
_bСборник документов /
_c[Сост. М.В. Воробьев и др.] ; Парт. архив Смол. обкома КПСС. Архивный отд. УВД Смол. облисполкома.
260 _aСмоленск :
_bКн. изд-во,
_c1957.
300 _a371 с. ;
_c21 см.
650 1 4 _aИстория СССР
650 1 4 _aВеликая Октябрьская социалистическая революция
_zСмоленская губерния
_vДокументы и материалы
650 1 4 _aКПСС
_xИстория
_xСмоленская организация
_vДокументы и материалы
700 1 _aВоробьев, М.В.
_eсост.
_4com
710 2 _aСмоленский областной архивный отдел
942 _2udc
_cBK
999 _c431389
_d431389